000 00933nas a2200301 4500
001 BR9500201
003 BR-BrBNA
005 20231205093826.0
007 ta
008 230509b bl.|||p| |||| 00| 00por d
040 _aBR-BrBNA
_bpor
_cBiblioteca Nacional de Agricultura
041 _a(Pt)
072 _aH10
100 1 _aGrellmann, E.O.
100 1 _aLoek, A.E.
100 1 _aSalles, L.A.B. de
100 1 _aFachinello, J.C.
245 1 _aNecessidades termicas e estimativa do numero de geracoes de Grapholita molesta (Busck, 1916)(LEP.: Olethreutidae)em Pelotas, RS
650 _aPessego
650 _aMariposa Oriental
650 _aDieta
650 _aTemperatura
650 _aBiologia
650 _aRio Grande do Sul
773 0 _tPesquisa Agropecuaria Brasileira (Brazil)
_xISSN 0100-204X
_g(Jul 1992), v. 27(7) p. 999-1004
_wBR9500201
909 _a202311
_bLúcia
_c55
_dLúcia Elande
942 _2AGRIS
_n0
_cANA
999 _c140593
_d140593